000 00827cam a22002054a 4500
005 20250605164130.0
008 250528s ||||||||||||||||||||||||d
035 _a18617
020 _a500202737
040 _aGR-AtMCL
_bgre
_dGR-AtMCL
_eAACR2
245 1 _aArt Nouveau / 170 Illustrations, 32 in Colour
260 _c1997
300 _a216
520 _aThe author recounts the history of this important modern movement in detail, introducing the main personalities. Contents, Introduction, Architecture, Furniture, Painting and the Graphic Arts, Glass, Ceramics, Jewelry and Fashion, Silver and Metal ware and Object's d'Art, Sculpture, Bibliography, Sources of Illustrations, Index.
700 1 _aDuncan Alastair
_94827
700 1 _aThames And Hudson
_92417
942 _cBK
999 _c3965
_d3965